Raising the bar (Record no. 48425)

MARC details
000 -LEADER
fixed length control field 01784nam a2200409Ia 4500
001 - CONTROL NUMBER
control field vtls003203835
003 - CONTROL NUMBER IDENTIFIER
control field MY-SjTCS
005 - DATE AND TIME OF LATEST TRANSACTION
control field 20200306164223.0
006 - FIXED-LENGTH DATA ELEMENTS--ADDITIONAL MATERIAL CHARACTERISTICS
fixed length control field m u
007 - PHYSICAL DESCRIPTION FIXED FIELD--GENERAL INFORMATION
fixed length control field cr cn|||||||||
008 - FIXED-LENGTH DATA ELEMENTS--GENERAL INFORMATION
fixed length control field 100712s2008 enka sb 001 0 eng d
020 ## - INTERNATIONAL STANDARD BOOK NUMBER
Canceled/invalid ISBN 9781843923183 (hbk.)
020 ## - INTERNATIONAL STANDARD BOOK NUMBER
Canceled/invalid ISBN 1843923181 (hbk.)
035 ## - SYSTEM CONTROL NUMBER
System control number (CaPaEBR)ebr10294460
039 #9 - LEVEL OF BIBLIOGRAPHIC CONTROL AND CODING DETAIL [OBSOLETE]
Level of rules in bibliographic description 201208031114
Level of effort used to assign nonsubject heading access points stazrina
-- 201007121811
-- VLOAD
040 ## - CATALOGING SOURCE
Original cataloging agency CaPaEBR
Transcribing agency CaPaEBR
050 14 - LIBRARY OF CONGRESS CALL NUMBER
Classification number HV7431
Item number .G7274 2008eb
100 1# - MAIN ENTRY--PERSONAL NAME
Personal name Graham, Kathryn Marie.
9 (RLIN) 247843
245 10 - TITLE STATEMENT
Title Raising the bar
Medium [electronic resource] :
Remainder of title preventing aggression in and around bars, pubs and clubs /
Statement of responsibility, etc. Kathryn Graham and Ross Homel.
246 30 - VARYING FORM OF TITLE
Title proper/short title Preventing aggression in and around bars, pubs and clubs
260 ## - PUBLICATION, DISTRIBUTION, ETC.
Place of publication, distribution, etc. Cullompton, UK ;
-- Portland, Or. :
Name of publisher, distributor, etc. Willan,
Date of publication, distribution, etc. 2008.
300 ## - PHYSICAL DESCRIPTION
Extent xx, 296 p. :
Other physical details ill.
490 1# - SERIES STATEMENT
Series statement Crime science series
504 ## - BIBLIOGRAPHY, ETC. NOTE
Bibliography, etc. note Includes bibliographical references (p. 263-285) and index.
529 ## -
-- TSLHHL
533 ## - REPRODUCTION NOTE
Type of reproduction Electronic reproduction.
Place of reproduction Palo Alto, Calif. :
Agency responsible for reproduction ebrary,
Date of reproduction 2009.
Note about reproduction Available via World Wide Web.
-- Access may be limited to ebrary affiliated libraries.
650 #0 - SUBJECT ADDED ENTRY--TOPICAL TERM
Topical term or geographic name entry element Crime prevention.
9 (RLIN) 208675
650 #0 - SUBJECT ADDED ENTRY--TOPICAL TERM
Topical term or geographic name entry element Violence.
9 (RLIN) 203916
650 #0 - SUBJECT ADDED ENTRY--TOPICAL TERM
Topical term or geographic name entry element Violence
General subdivision Prevention.
9 (RLIN) 247844
650 #0 - SUBJECT ADDED ENTRY--TOPICAL TERM
Topical term or geographic name entry element Alcohol
General subdivision Physiological effect.
9 (RLIN) 16877
650 #0 - SUBJECT ADDED ENTRY--TOPICAL TERM
Topical term or geographic name entry element Bars (Drinking establishments)
9 (RLIN) 16306
655 #7 - INDEX TERM--GENRE/FORM
Genre/form data or focus term Electronic books.
Source of term local
9 (RLIN) 201578
700 1# - ADDED ENTRY--PERSONAL NAME
Personal name Homel, Ross.
9 (RLIN) 247845
710 2# - ADDED ENTRY--CORPORATE NAME
Corporate name or jurisdiction name as entry element ebrary, Inc.
9 (RLIN) 25628
830 #0 - SERIES ADDED ENTRY--UNIFORM TITLE
Uniform title Crime science series (Willan Publishing)
9 (RLIN) 247846
856 40 - ELECTRONIC LOCATION AND ACCESS
Uniform Resource Identifier https://ezproxy.taylors.edu.my/login?url=http://site.ebrary.com/lib/alltitles/docDetail.action?docID=10294460&p00=raising%20bar
Public note An electronic book accessible through the World Wide Web; click to view
Holdings
Withdrawn status Lost status Damaged status Not for loan Home library Current library Date acquired Total Checkouts Date last seen Price effective from Koha item type
      e-book Taylor's Library-TU Taylor's Library-TU 02/03/2026   02/03/2026 02/03/2026 E-Book